000 04119nab a2200277 i 4500
003 BR-BrBNA
005 20250319153829.0
008 250319b2017 bl.|r|pooa||| 00| 0 eng |
040 _aBR-BrBNA
_beng
072 _aL70
_b8527
100 _aMello, É.M.
100 _aSalgado, B.S.
100 _aCassali, G.D.
100 _aGuimarães, M.P.
245 _aGross and histologic features of gastritis due to Ophidascaris arndti in tropical rattlesnakes (Crotalus durissus)
500 _a Publicação online; 11 ref.; 5 illus.; Summaries (En, Pt)
520 _a ABSTRACT - The tropical rattlesnake (Crotalus durissus) is a snake of great importance for biomedical industry since its poison is used for the production of antiophidic serum and researches. Several conditions related to animal health, such as diseases and parasites, which can promote the reduction of poison production by these snakes should be investigated. Accordingly, the aim of this study was to characterize the gross and microscopic lesions related to the presence of Ophidascaris arndti in stomachs of tropical rattlesnakes. The gastrointestinal tract of thirty-five South American rattlesnakes captured in Southeastern region of Brazil were analyzed and nineteen animals showed infestation by the parasites, found in the small intestine and, especially, in the stomach of the hosts. Grossly, lesions were characterized by mucosal ulcers occasionally associated with hemorrhage. Microscopic alterations included histiocytic granulomas, fibrosis, necrosis, and hemorrhage. Based on these findings, the diagnosis of a parasitic granulomatous disease was made. The lesions may be related to the cause of death in captivity snakes, since the lesions can promote secondary infections by opportunistic bacteria. Moreover, the intense inflammatory response accompanied by fibrosis may be related to poor functioning of the gastric snakes, which it may exhibit frequent regurgitation of the food. Keywords: snake, parasitic granuloma, parasitic gastritis, Nematoda
520 _a RESUMO - A cascavel (Crotalus durissus) é uma serpente de grande importância para a indústria biomédica, uma vez que seu veneno é utilizado para a produção de soro antiofídico e para pesquisas. Condições diversas relacionadas ao estado de saúde do animal, como doenças e parasitoses, que possam promover a diminuição da produção de veneno por essas serpentes, devem ser investigadas. O objetivo deste estudo foi caracterizar os achados macro e microscópicos relacionados à presença de nematódeos Ophidascaris arndti nos estômagos de cascavéis. O trato gastrointestinal de 35 cascavéis capturadas na região Sudeste do Brasil foi avaliado Dessas, 19 apresentavam infestação pelo parasito, que foi encontrado predominantemente no estômago e no intestino delgado dos hospedeiros. Macroscopicamente, as lesões foram caracterizadas por úlceras nas camadas mucosas, ocasionalmente associadas com hemorragia. As alterações microscópicas apresentaram granulomas histiocíticos, fibrose, necrose e hemorragia. Baseado em tais achados, o diagnóstico de doença granulomatosa parasitária foi realizado. As lesões encontradas podem estar relacionadas à causa das mortes das serpentes em cativeiro, uma vez que podem favorecer infecções secundárias por bactérias oportunistas. Além disso, a intensa resposta inflamatória e a fibrose podem estar relacionadas ao mau funcionamento gástrico das serpentes, que podem apresentar frequente regurgitação do alimento. Palavras-chave: serpente, granuloma parasitário, gastrite parasitária, Nematoda
650 _aCOBRA
650 _aPARASITO
650 _aVETERINÁRIA
773 0 _01643
_9349155
_dBelo Horizonte-MG Universidade Federal de Minas Gerais - Escola de Veterinaria 1983
_o2025-1673
_tArquivo Brasileiro de Medicina Veterinária e Zootecnia (Brazil)
_x0102-0935
_gv. 69(2) p. 415-421; (2017)
_wBR2025000150
856 _uhttps://www.scielo.br/j/abmvz/a/yQh5X5nwfWr3rSqTHMzXmxn/?format=pdf&lang=en
942 _cANA
999 _c330532
_d330532